000 00404nam a22001697a 4500
999 _c7820
_d7818
005 20210904141204.0
008 210821b ||||| |||| 00| 0 eng d
020 _a9781847661487
041 _aeng
082 _a346.410
100 _aBEALE, SIMON
_96548
245 _aINSOLUENCY AND RESTRUCTURING MANUAL
260 _aU.K.[W.S]
_bTOTTEL
_c2009
300 _a266;p.
650 _aLAW
_95701
942 _cBK